| 000 | 00678nam a22002297a 4500 | ||
|---|---|---|---|
| 003 | BD-DhJNU | ||
| 005 | 20250519060951.0 | ||
| 008 | 250519b |||||||| |||| 00| 0 eng d | ||
| 020 | _a0534075843 | ||
| 040 |
_aBD-DhJNU _bENG _cBD-DhJNU _dBD-DhJNU |
||
| 082 |
_223 _a306.809 LAM |
||
| 100 | _aLasswell, Marcia | ||
| 245 |
_aMarriage and the family / _cMarcia Lasswell and Thomas Lasswell |
||
| 250 | _a2nd ed | ||
| 260 |
_aBelmont : _bWadsworth Publishing, _c1987. |
||
| 300 |
_axii, 596p. : _bill. ; _c24 cm. |
||
| 504 | _aIncludes bibliographical references and index | ||
| 650 | _aMarriage | ||
| 650 | _aFamilies | ||
| 700 | _aLasswell, Thomas | ||
| 942 |
_2ddc _cBK _n0 |
||
| 999 |
_c1716 _d1716 |
||